Obras de D. Marcelino de Aragón Azlor y Fernández de Córdoba, duque de Villahermosa, conde-duque de Luna, de la Real Academia Española / (Record no. 25107)

MARC details
000 -LEADER
campo de control de longitud fija 01377nam a2200301 i 4500
001 - NÚMERO DE CONTROL
campo de control 25107
003 - IDENTIFICADOR DE NÚMERO DE CONTROL
campo de control ES-MaACL
005 - FECHA Y HORA DE LA ÚLTIMA TRANSACCIÓN
campo de control 20250927122915.0
007 - CAMPO FIJO DE DESCRIPCIÓN FÍSICA--INFORMACIÓN GENERAL
campo de control de longitud fija t|
008 - DATOS DE LONGITUD FIJA--INFORMACIÓN GENERAL
campo de control de longitud fija 021220s1894 sp |||| | spa d
245 00 - MENCIÓN DEL TÍTULO
Título Obras de D. Marcelino de Aragón Azlor y Fernández de Córdoba, duque de Villahermosa, conde-duque de Luna, de la Real Academia Española /
Mención de responsabilidad, etc. con un prólogo de M. Menéndez y Pelayo.
260 ## - PUBLICACIÓN, DISTRIBUCIÓN, ETC.
Lugar de publicación, distribución, etc. [S.l. :
Nombre del editor, distribuidor, etc. s.n.],
Fecha de publicación, distribución, etc. 1894 (
Lugar de fabricación/manufactura Madrid :
Fabricante Estab. Tip. Viuda e Hijos de M. Tello)
300 ## - DESCRIPCIÓN FÍSICA
Extensión XVIII, 366 p. :
Otras características físicas 1 retr. ;
Dimensiones 18 cm.
505 8# - NOTA DE CONTENIDO CON FORMATO
Nota de contenido con formato Contiene: Discurso de recepción en la Real Academia Española. Las Geórgicas, de Virgilio. Libro primero de Los Tristes, de Ovidio
546 ## - NOTA DE IDIOMA
Nota de lengua/lenguaje Texto en español y latín.
594 ## - Nota al título y mención de responsabilidad
Nota al título y mención de responsabilidad El autor es el traductor de las obras de Virgilio y Ovidio.
600 14 - PUNTO DE ACCESO ADICIONAL DE MATERIA--NOMBRE DE PERSONA
Nombre de persona Leonardo de Argensola, Bartolomé,
Fechas asociadas al nombre 1562-1631
9 (RLIN) 71674
600 17 - PUNTO DE ACCESO ADICIONAL DE MATERIA--NOMBRE DE PERSONA
Nombre de persona Leonardo de Argensola, Lupercio,
Fechas asociadas al nombre 1559-1613
Fuente del encabezamiento o término
9 (RLIN) 128881
700 1# - ENTRADA AGREGADA--NOMBRE PERSONAL
Nombre de persona Virgilio Marón, Publio.
9 (RLIN) 115452
700 1# - ENTRADA AGREGADA--NOMBRE PERSONAL
Nombre de persona Ovidio Nasón, Publio.
9 (RLIN) 88013
700 1# - ENTRADA AGREGADA--NOMBRE PERSONAL
Nombre de persona Aragón y Azlor, Marcelino,
Títulos y otros términos asociados al nombre Duque de Villahermosa,
Fechas asociadas al nombre 1815-1888
9 (RLIN) 151999
700 1# - ENTRADA AGREGADA--NOMBRE PERSONAL
Nombre de persona Menéndez y Pelayo, Marcelino,
Fechas asociadas al nombre 1856-1912
9 (RLIN) 80332
710 2# - ENTRADA AGREGADA--NOMBRE DE ENTIDAD CORPORATIVA
Nombre de entidad corporativa o nombre de jurisdicción como elemento de entrada Real Academia Española
9 (RLIN) 6336
740 42 - ENTRADA AGREGADA--TÍTULO RELACIONADO/ANALÍTICO NO CONTROLADO
Título relacionado o analítico no controlado Las Geórgicas.
740 42 - ENTRADA AGREGADA--TÍTULO RELACIONADO/ANALÍTICO NO CONTROLADO
Título relacionado o analítico no controlado Los Tristes.
852 ## - LOCALIZACIÓN
Ubicación ES-MaACL
Número de control de estantería G-13923
Holdings
Estatus retirado Estado de pérdida Estado de daño No para préstamo Colección Biblioteca de origen Biblioteca actual Ubicación en estantería Fecha de adquisición Fuente de adquisición Total de préstamos Signatura topográfica completa Código de barras Visto por última vez Precio de reemplazo Tipo de ítem Koha
        Libros del s. XIX Biblioteca del Ateneo de Madrid Biblioteca del Ateneo de Madrid Sala Pecera Planta 3 17/01/2008     G-13923 1025886 23/02/2023 23/02/2023 Libro impreso antiguo